ARRUPE JESUIT UNIVERSITY

CORONAVIRUS -STOP THE SPREAD - CLEAN,DISINFECT,COVER

Ubuntu (Record no. 129863)

MARC details
000 -LEADER
fixed length control field 00609nam a22001697a 4500
008 - FIXED-LENGTH DATA ELEMENTS--GENERAL INFORMATION
fixed length control field 190920b ||||| |||| 00| 0 eng d
050 ## - LIBRARY OF CONGRESS CALL NUMBER
Classification number SPC. DT1.T50 M957
100 ## - MAIN ENTRY--PERSONAL NAME
Personal name Mukwazhe, Martin
9 (RLIN) 48198
245 ## - TITLE STATEMENT
Title Ubuntu
Remainder of title a hermeneutics of its philosophical embeddedness, in order to develop an appropriate pedagogy for post-colonial Zimbabwe
Statement of responsibility, etc Martin Mukwazhe
260 ## - PUBLICATION, DISTRIBUTION, ETC. (IMPRINT)
Place of publication, distribution, etc Harare
Name of publisher, distributor, etc Arrupe College
Date of publication, distribution, etc 2014
300 ## - PHYSICAL DESCRIPTION
Extent iv, 116p. ;
Dimensions 31cm.
500 ## - GENERAL NOTE
General note Thesis
650 ## - SUBJECT ADDED ENTRY--TOPICAL TERM
Topical term or geographic name as entry element Philosophy, Africa
9 (RLIN) 10541
650 ## - SUBJECT ADDED ENTRY--TOPICAL TERM
Topical term or geographic name as entry element Education
Geographic subdivision Zimbabwe
9 (RLIN) 27081
651 ## - SUBJECT ADDED ENTRY--GEOGRAPHIC NAME
Geographic name Zimbabwe
General subdivision Politics
Chronological subdivision 1980-
9 (RLIN) 43106
942 ## - ADDED ENTRY ELEMENTS (KOHA)
Source of classification or shelving scheme Library of Congress Classification
Item type SPC
Holdings
Withdrawn status Lost status Source of classification or shelving scheme Damaged status Not for loan Collection code Home library Current library Shelving location Date acquired Total Checkouts Full call number Barcode Date last seen Price effective from Koha item type
    Library of Congress Classification     SPECIAL Collection ARRUPE LIBRARY ARRUPE LIBRARY REFERENCE 20/09/2019   SPC. DT1.T50 M957 46600002853 20/09/2019 20/09/2019 SPC

 

Arrupe Library. PO Box MP320 Mt Pleasant, Harare, Zimbabwe
263 242 745411|librarian@aju.ac.zw